000 00414nam a2200169Ia 4500
005 20240823010730.0
008 240823s9999||||xx |||||||||||||| ||und||
082 _A621.382 P0
100 _a"Carlson,Bruce A"
245 0 _aCommunication Systems
250 _a3rd
260 _c2000
_b"MGH,New Delhi"
500 _aYES
650 _aElectronics Communication
_bInstrumentation
942 _cBK
999 _c159488
_d159488